000 003520000a22000970004500
100 1 _aJones, Hywel R.
245 1 0 _aFive views of ARCIC II : Hywell Jones, principal of the London Theological Seminary, offers a theological critique from outside the Anglican tradition
300 _aVol. 5, Núm 2 (1987), Páginas 15-20
773 0 _tEvangel
942 _cANA
999 _c54335
_d54335